000 00428nam a2200181Ia 4500
001 3879
005 20260306145716.0
008 260306t2005||||xx |||||||||||||| ||spa||
041 _aESP
082 _a305.23
_bM84
100 _aMontes Urday, Alipio
_eAUT
245 0 _aCuando los jóvenes se encuentran
260 _c2005
300 _a45 páginas :
_c26 cm.
650 _aGEN
654 _aCHU
942 _cLIB
_dJUS
_fJUS
_2ddc
_n
999 _c3879
_d3879